Flags of Europe Quiz Stats

 Plays Quiz Updated Feb 13, 2019

Support Sporcle.
Go Orange.
Score 0/47 Timer 08:00
171 Plays Today
Country % Correct
United Kingdom
93.6%
Germany
92.8%
France
92.1%
Italy
92%
Switzerland
90.6%
Sweden
90.4%
Greece
90.3%
Turkey
89.6%
Spain
89.5%
Ireland
89.2%
Finland
88.1%
Norway
85.6%
Denmark
82.9%
Belgium
82.5%
Portugal
82.3%
Poland
80.9%
Cyprus
79.1%
Czechia
77.9%
Russia
77.8%
Croatia
77.4%
Iceland
76.8%
Ukraine
75.2%
Netherlands
75.1%
North Macedonia
73.4%
Country % Correct
Romania
73%
Austria
72.9%
Estonia
72.9%
Albania
72.6%
Vatican City
70.8%
Slovakia
70.4%
Hungary
68.4%
Latvia
67.6%
Slovenia
67.3%
Belarus
64.4%
Serbia
63.8%
Bulgaria
63.1%
Malta
63.1%
Bosnia & Herzegovina
62.8%
Kosovo
62.3%
Luxembourg
60.1%
San Marino
59.5%
Lithuania
58.9%
Monaco
57.9%
Andorra
57.1%
Montenegro
56.4%
Moldova
53.4%
Liechtenstein
52.7%

You're not logged in!

Compare scores with friends on all Sporcle quizzes.
OR
Log In
Forgot?

From the Vault

'T' Movie Characters

by druhutch

Movies 4m
So when are they going to make a biopic about Tyrion Lannister?
Remove Ads.
Support Sporcle.
Get the best of Sporcle when you Go Orange. This ad-free experience offers more features, more stats, and more fun while also helping to support Sporcle. Thank you for becoming a member.

Show Comments

Extras

Top Quizzes Today


Score Distribution

Your Account Isn't Verified!

In order to create a playlist on Sporcle, you need to verify the email address you used during registration. Go to your Sporcle Settings to finish the process.

Report this User

Report this user for behavior that violates our Community Guidelines.

Details: